| Поле | Инд. | ПП | Название | Значение |
|---|---|---|---|---|
| Тип записи | a | |||
| Библиографический уровень | a | |||
| 001 | Контрольный номер | 5a78d78cf03345b4a62333d4aca597b5 | ||
| 005 | Дата корректировки | 20190703162810.4 | ||
| 020 | a | ISBN | 978-5-7609-1275-6 | |
| 040 | a | Служба первич. каталог. | НБ ТвГУ | |
| b | Код языка каталог. | rus | ||
| e | Правила каталог. | PSBO | ||
| 041 | 0_ | a | Код языка текста | rus |
| 097 | b | Оператор | Raenko.AV | |
| 100 | 1_ | a | Автор | Апеков Аслан Мартинович |
| q | Полное имя | Апеков А.М. | ||
| 245 | 10 | a | Заглавие | Влияние поляризации металлических ионов переходного слоя на границе металл - неполярная органическая жидкость на межфазную энергию |
| 260 | a | Место издания | Тверь | |
| b | Издательство | Тверской государственный университет | ||
| 504 | a | Библиография | Библиогр.: с. 30-31 (13 назв.) | |
| 520 | 0_ | a | Аннотация | В рамках модифицированного варианта электронно-статистической теории получена поправка к межфазной энергии на границе металл - неполярная органическая жидкость на поляризацию металлических ионов переходного слоя в поле полубесконечного металла. Установлена зависимость поправки от макроскопической диэлектрической проницаемости жидкости и ориентации металлического кристалла |
| 653 | 0_ | a | Ключевые слова | Поляризационная поправка |
| a | Ключевые слова | Межфазная энергия | ||
| a | Ключевые слова | Электронно-статистический метод | ||
| a | Ключевые слова | Щелочные металлы | ||
| a | Ключевые слова | Неполярная органическая жидкость | ||
| 700 | 12 | a | Другие авторы | Шебзухова Ирина Гусейновна |
| q | Полное имя | Шебзухова И.Г. | ||
| 773 | 18 | w | Контрольный № источника | 42e2f0140eee4552ac3821e5ea91fec8 |
| t | Название источника | Физико-химические аспекты изучения кластеров, наноструктур и наноматериалов | ||
| d | Место и дата издания | Тверь : Тверской государственный университет, 2017 | ||
| g | Прочая информация | Вып. 9. - С. 27-31 | ||
| 856 | 40 | u | URL | http://texts.lib.tversu.ru/texts/14686t.pdf |
| x | Примечание для ЭОР | Реестр суммарного учета сетевых локальных документов | ||
| x | Примечание для ЭОР | Справка УИС 2017 | ||
| i | Дата подключения ЭОР | 20190703 | ||
| 901 | t | Тип документа | a | |
| 920 | a | Оператор | Раен | |
| 954 | b | Дата поступления в ОК | 20190603 |